MARC

LEADER 00000nam0a2200000 4500
001 319741
005 20231102003217.0
035 |a (RuTPU)RU\TPU\book\345251 
090 |a 319741 
100 |a 20160608d1873 m y0rusy50 ca 
101 0 |a rus 
102 |a RU 
105 |a a j 000zy 
200 1 |a Краткий очерк порохового производства  |e лекции профессора Вылежинского  |f Б. Т. Вылежинский 
205 |a Литографическое издание 
210 |a Санкт-Петербург  |d 1873 
215 |a 14 с.  |c ил. 
316 |5 63413507: 489//287  |a Владельческий переплет: "Т. А. Реальн. У." 
317 |5 63413507: 489//287  |a Поступила в НТБ В 1923-1924 г. по распоряжению Наркомпроса 
606 1 |a Взрывчатые вещества  |x Производство  |x Химическая технология  |2 stltpush  |3 (RuTPU)RU\TPU\subj\32968  |9 55340 
610 1 |a порох 
610 1 |a пороходелие 
610 1 |a нитроглицерин 
610 1 |a селитра 
610 1 |a история 
610 1 |a лекции 
610 1 |a литография 
610 1 |a библиотека Томского Алексеевского Реального Училища (ТАРУ) 
675 |a 662.2  |v 4 
700 1 |a Вылежинский  |b Б. Т.  |c инженер-технолог  |c профессор Санкт-Петербургского практического технологического института  |f 1840-1895  |g Бронислав Титович  |2 stltpush  |3 (RuTPU)RU\TPU\pers\30124  |9 14530 
801 1 |a RU  |b 63413507  |c 20160608 
801 2 |a RU  |b 63413507  |c 20230327  |g RCR 
942 |c BK